000 00745nam a22002297a 4500
999 _c19739
_d19739
003 AR-CdUCM
008 190226b ||||| |||| 00| 0 spa d
040 _aMUNICIPALIDAD PROVINCIAL DEL CUSCO
_cBIBLIOTECA MUNICIPAL DEL CUSCO
082 _a949.7 /
_bB84
100 _aShiffman, Ruth
_941285
245 _aJosip Broz Tito /
260 _aArgentina :
_bHyspamerica,
_c1991.
300 _a104 páginas
_c25 cm
440 _aLos grandes lideres del siglo XX
_97704
505 _aContenido :Aprendizaje -- Un nueva vida en un nueva nacion -- La universidad de la carcel...
650 _asocialista
_94028
650 _alucha
_94029
650 _aconsolidación
_94030
650 _aliberación
_94031
942 _2ddc
_cLIBROS
945 _arcc